Most Seasons in English Top Division Football - Statistics

General Stats
  • This quiz has been taken 902 times
  • The average score is 15 of 20
Answer Stats
Seasons in Top Flight Teams % Correct
96 Manchester United
100%
104 Arsenal
98%
106 Liverpool
98%
92 Manchester City
97%
86 Chelsea
95%
118 Everton
93%
86 Tottenham
91%
89 Newcastle United
87%
107 Aston Villa
86%
63 West Ham United
80%
86 Sunderland
72%
66 Wolverhampton Wanderers
71%
72 Blackburn Rovers
69%
62 Sheffield United
64%
66 Sheffield Wednesday
63%
82 West Bromwich Albion
53%
65 Derby County
51%
62 Stoke City
48%
73 Bolton Wanderers
47%
61 Middlesbrough
43%
No matching quizzes found
Score Distribution
Percent of People with Each Score
Percentile by Number Answered
Your Score History
You have not taken this quiz